The power of your subconscious mind / (Record no. 31126)
[ view plain ]
| 000 -LEADER | |
|---|---|
| fixed length control field | 01002pam a2200313 i 4500 |
| 001 - CONTROL NUMBER | |
| control field | 019114934 |
| 003 - CONTROL NUMBER IDENTIFIER | |
| control field | EG-ScBUE |
| 005 - DATE AND TIME OF LATEST TRANSACTION | |
| control field | 20260215095514.0 |
| 008 - FIXED-LENGTH DATA ELEMENTS--GENERAL INFORMATION | |
| fixed length control field | 180904s2018 enk g 001 0 eng d |
| 020 ## - INTERNATIONAL STANDARD BOOK NUMBER | |
| International Standard Book Number | 9781471179396 |
| 040 ## - CATALOGING SOURCE | |
| Original cataloging agency | StDuBDS |
| Language of cataloging | eng |
| Description conventions | rda |
| Transcribing agency | StDuBDS |
| Modifying agency | Uk |
| -- | EG-ScBUE |
| 082 04 - DEWEY DECIMAL CLASSIFICATION NUMBER | |
| Classification number | 154.2 |
| Edition number | 22 |
| Item number | MUR |
| 100 1# - MAIN ENTRY--PERSONAL NAME | |
| Personal name | Murphy, Joseph, |
| Dates associated with a name | 1898-1981, |
| Relator term | author. |
| 245 14 - TITLE STATEMENT | |
| Title | The power of your subconscious mind / |
| Statement of responsibility, etc | Joseph Murphy, Ph.D., D.D ; edited and revised by Arthur R. Pell. |
| 250 ## - EDITION STATEMENT | |
| Edition statement | Fully updated edition. |
| 264 #1 - PUBLICATION, DISTRIBUTION, ETC. (IMPRINT) | |
| Place of publication, distribution, etc | London : |
| Name of publisher, distributor, etc | Simon & Schuster, |
| Date of publication, distribution, etc | 2018. |
| 300 ## - PHYSICAL DESCRIPTION | |
| Extent | xxi, 297 pages ; |
| Dimensions | 20 cm |
| 336 ## - CONTENT TYPE | |
| Content type term | text |
| Source | rdacontent |
| Content type code | txt |
| 337 ## - MEDIA TYPE | |
| Media type term | unmediated |
| Source | rdamedia |
| Media type code | n |
| 338 ## - CARRIER TYPE | |
| Carrier type term | volume |
| Source | rdacarrier |
| Carrier type code | nc |
| 500 ## - GENERAL NOTE | |
| General note | Includes index. |
| 650 #7 - SUBJECT ADDED ENTRY--TOPICAL TERM | |
| Topical term or geographic name as entry element | Mental discipline. |
| Source of heading or term | BUEsh |
| 650 #7 - SUBJECT ADDED ENTRY--TOPICAL TERM | |
| Topical term or geographic name as entry element | Subconsciousness. |
| Source of heading or term | BUEsh |
| 653 ## - INDEX TERM--UNCONTROLLED | |
| Arrived date list | February2026 |
| Resource For college | Humanities: English |
| 655 ## - INDEX TERM--GENRE/FORM | |
| Form subdivision | Reading book |
| 700 1# - ADDED ENTRY--PERSONAL NAME | |
| Personal name | Pell, Arthur R., |
| Relator term | editor. |
| 942 ## - ADDED ENTRY ELEMENTS (KOHA) | |
| Source of classification or shelving scheme | Dewey Decimal Classification |
| Koha item type | Book - Borrowing |
| Withdrawn status | Lost status | Source of classification or shelving scheme | Damaged status | Not for loan | Collection code | Home library | Current library | Shelving location | Date acquired | Source of acquisition | Cost, normal purchase price | Total Checkouts | Full call number | Barcode | Date last seen | Cost, replacement price | Price effective from | Koha item type |
|---|---|---|---|---|---|---|---|---|---|---|---|---|---|---|---|---|---|---|
| Dewey Decimal Classification | AUC | Central Library | Central Library | Lower Floor | 15/02/2026 | Purchase | 640.00 | 154.2 MUR | 000057531 | 15/02/2026 | 800.00 | 15/02/2026 | Book - Borrowing |